000
00309nam a22001217a 4500
020
_a
9780387987965
082
_a
581.5 RIC/EV
100
_a
Richardson, Curtis J.
245
_a
The Everglades Experiments:Lessons for Ecosystem Restoration
260
_a
New York
_b
Springer
_c
2008
300
_a
699
942
_c
BK
999
_c
13852
_d
13852